=LDR 00000nam 2200000 4500 =001 INLIS000000000032246 =005 20200716025427 =035 ##$$a 0010-061300000032246 =008 200716################g##########0#ind## =041 ##$$a ind =082 ##$$a 2x4.3 =090 ##$$a 2x4.3 , Ttt,m =100 ##$$a At-Tihami, Muhammad =245 1#$$a Merawat cinta kasih menurut syariat islam /$c Muhammad At-Tihami =260 ##$$a Surabaya :$b Ampel Mulia,$c 2004 =300 ##$$a vi, 198 hlm ; $c 20 x 13 cm =650 #4$$a Hukum Perkawinan =850 ##$$a NBPNMAT =084 ##$$a 2x4.3 ATT m =990 ##$$a 21001648 =990 ##$$a 21001647 =990 ##$$a 27452745 =990 ##$$a 21001645 =990 ##$$a 21001648 =990 ##$$a 21001647